WLeyendas de nuestra América / (Registro nro. 12583)

Detalles MARC
000 -LEADER
fixed length control field 00649nam a22002057a 4500
003 - CONTROL NUMBER IDENTIFIER
control field DO-SdBNP
005 - DATE AND TIME OF LATEST TRANSACTION
control field 20170714075812.0
007 - PHYSICAL DESCRIPTION FIXED FIELD--GENERAL INFORMATION
fixed length control field DO-SdBNP
008 - FIXED-LENGTH DATA ELEMENTS--GENERAL INFORMATION
fixed length control field 170714b1999 ck || 0 spa d
020 ## - INTERNATIONAL STANDARD BOOK NUMBER
International Standard Book Number 9580409641
040 ## - CATALOGING SOURCE
Original cataloging agency BPMSU
Language of cataloging spa
Transcribing agency BPMSU
100 ## - MAIN ENTRY--PERSONAL NAME
Personal name Walschburger, Ute Bergdolt de.
245 10 - TITLE STATEMENT
Title WLeyendas de nuestra América /
Statement of responsibility, etc. Ute Bergdolt dalschburger ; ilustración de Alfredo Lleras.
260 ## - PUBLICATION, DISTRIBUTION, ETC. (IMPRINT)
Place of publication, distribution, etc. Bogotá, Colombia
Name of publisher, distributor, etc. Editorial Norma,
Date of publication, distribution, etc. 1999
300 ## - PHYSICAL DESCRIPTION
Extent 192 p. :
Other physical details il. ;
Dimensions 19 cm.
490 ## - SERIES STATEMENT
Series statement Torre de papel.(Torre azúl)
830 ## - SERIES ADDED ENTRY--UNIFORM TITLE
Uniform title Torre de papel.(
Name of part/section of a work Torre azúl
942 ## - ADDED ENTRY ELEMENTS (KOHA)
Source of classification or shelving scheme Dewey Decimal Classification
Koha item type Libros
956 ## - LOCAL ELECTRONIC LOCATION AND ACCESS (OCLC)
Host name VMATEO
Access number 10
Compression information 20170714
Path BPMSU
Electronic name 0069
Existencias
Withdrawn status Lost status Source of classification or shelving scheme Damaged status Not for loan Collection code Home library Current library Date acquired Source of acquisition Total Checkouts Barcode Date last seen Price effective from Koha item type
    Dewey Decimal Classification     Colección Infantil General Biblioteca Pública Metropolitana Salomé Ureña Biblioteca Pública Metropolitana Salomé Ureña 07/14/2017 FUNDI   BPMET17070014 07/14/2017 07/14/2017 Libros